El futuro de la política económica en Panamá /

Guardat en:
Dades bibliogràfiques
Autor principal: Arias Calderón, Ricardo
Format: Text
Etiquetes: Afegir etiqueta
Sense etiquetes, Sigues el primer a etiquetar aquest registre!

MARC

LEADER 00000 a a2200000 04500
001 48107
003
040
100 |a Arias Calderón, Ricardo  
245 |a El futuro de la política económica en Panamá /  |c Ricardo Arias Calderón  
773 |g número43, (julio-setiembre, 1996), páginas 81-89  
999 |c 37882  |d 37882